[Event "Swiss Queens Wed #33"]
[Site "FIDE Online Arena INT"]
[Date "2024.09.11"]
[Round "9"]
[White "Badelka, Olga"]
[Black "Padmini, Rout"]
[Result "1-0"]
[WhiteElo "2430"]
[BlackElo "2328"]
[PlyCount "43"]
[EventDate "2024.09.11"]
[EventType "swiss (blitz)"]
[EventRounds "11"]
[EventCountry "NET"]
[SourceTitle "EXT 2025"]
[Source "ChessBase"]
[SourceDate "2024.10.14"]
[SourceVersion "1"]
[SourceVersionDate "2024.10.14"]
[SourceQuality "1"]

1. d4 Nf6 2. c4 e6 3. Nc3 Bb4 4. e3 0-0 5. Bd3 d5 6. cxd5 exd5 7. Nge2 Re8 8. 0-0 c6 9. Qc2 Nbd7 10. Ng3 Nf8 11. Bd2 Bd6 12. Rad1 Ng4 13. Nce2 Qh4 14. h3 Nxf2 15. Kxf2 Bxg3+ 16. Nxg3 Re6 17. Be1 Qg5 18. Kg1 Qxe3+ 19. Bf2 Qh6 20. Nf5 Qh5 21. Bg3 Re3 22. Nxe3 1-0